Vývoj marketingových inovácií v podmienkach SR

Saved in:
Bibliographic Details
Main Author: Šagátová, Slavka, 1975-
Format: Book Chapter
Language:English
Slovak
Subjects:
Tags: Add Tag
No Tags, Be the first to tag this record!

MARC

LEADER 00000nla a2200000 4500
001 0235737
005 20240524072052.4
041 0 |a eng 
041 0 |a slo 
044 |a SK 
245 1 0 |a Vývoj marketingových inovácií v podmienkach SR  |c Slávka Šagátová 
500 |a Abstrakt 
610 2 0 |a inovácia 
610 2 0 |a marketing 
610 2 0 |a podnik 
610 2 0 |a podnik veľký 
610 2 0 |a propagácia 
610 2 0 |a štatistika 
610 2 0 |a Slovensko 
100 1 |a Šagátová, Slavka, 1975-